000 00615nam a2200205Ia 4500
003 GCL
008 140319s9999 xx 000 0 ara d
040 _aGCL /
_cGCL
082 0 4 _a252.3
_bس ص
100 1 _aسميرة سيد سليمان بيومى
245 1 0 _aالصوم واحكامة فى الفقة الاسلامى /
_cسميرة سيد سليمان بيومى
260 _a[S.N] :
_bدار المصرى ،
_c1979
300 _a199 ص
490 _a
650 0 4 _aالاسلام
650 0 4 _aالصوم
650 0 4 _aالفقه الاسلامى
650 0 4 _aالعبادات
942 _2ddc
_cBK
999 _c28080
_d28080